CLASS STRUGGLES IN TANZANIA (Record no. 3913)

000 -LEADER
fixed length control field 00273nam a22000977a 4500
008 - FIXED-LENGTH DATA ELEMENTS--GENERAL INFORMATION
fixed length control field 151104b xxu||||| |||| 00| 0 eng d
082 ## -
Classification number 323.32 SHI
100 ## - MAIN ENTRY--PERSONAL NAME
Personal name SHIVJI, ISSA
245 ## - TITLE STATEMENT
Title CLASS STRUGGLES IN TANZANIA
260 ## - PUBLICATION, DISTRIBUTION, ETC. (IMPRINT)
Place of publication, distribution, etc. DAR ES SALAAM:
Name of publisher, distributor, etc. TANZANIA PUBLISHING HOUSE,
Date of publication, distribution, etc. 1975.

No items available.

IRDP © 2019 :: Managed by IRDP ICT Unit